[Event "Championnat de France Junior Fille"]
[Site "CALVI"]
[Date "????.??.??"]
[Round "8.1"]
[White "Chaumont, Adeline"]
[Black "Huisman, Chloé"]
[Result "1/2-1/2"]
[WhiteElo "2047"]
[BlackElo "2017"]
[PlyCount "88"]
[EventDate "2005.??.??"]
[SourceDate "2005.04.17"]

1. d4 Nf6 2. c4 g6 3. Nc3 Bg7 4. e4 d6 5. Nf3 O-O 6. Be2 e5 7. Be3 Nc6 8. d5
Ne7 9. Nd2 Nd7 10. b4 f5 11. f3 f4 12. Bf2 g5 13. c5 Nf6 14. Nc4 Ng6 15. cxd6
cxd6 16. Nb5 Ne8 17. Nxa7 Nh4 18. Rg1 h5 19. Nxc8 Qxc8 20. a4 Rf7 21. Rc1 Qd8
22. a5 Nc7 23. Nb6 Rb8 24. g3 fxg3 25. hxg3 Ng6 26. Qd2 Qf6 27. Be3 Bh6 28. b5
Rbf8 29. Rb1 Rg7 30. Nc4 h4 31. Qb4 Rd7 32. Kd2 hxg3 33. Rxg3 Nf4 34. Rbg1 Kh8
35. Qa4 Rh7 36. a6 bxa6 37. bxa6 Nxe2 38. Kxe2 g4 39. Rf1 Bxe3 40. Nxe3 Qf4 41.
Rxg4 Rh2+ 42. Kd3 Qh6 43. Qc6 Rb8 44. Rc1 Rb4 1/2-1/2

[Event "Championnat de France Junior Fille"]
[Site "CALVI"]
[Date "????.??.??"]
[Round "8.2"]
[White "Levacic, Melissa"]
[Black "Wolfangel, Florence"]
[Result "0-1"]
[WhiteElo "1997"]
[BlackElo "1926"]
[PlyCount "76"]
[EventDate "2005.??.??"]
[SourceDate "2005.04.17"]

1. e4 e6 2. Nc3 b6 3. Nf3 Bb7 4. Be2 c5 5. d4 cxd4 6. Nxd4 Bb4 7. Bd2 Nc6 8.
Nb3 Nf6 9. f3 Rc8 10. Nb5 Be7 11. Bg5 O-O 12. Nd6 Bxd6 13. Qxd6 Nxe4 14. Qxc6
Qxg5 15. Qxb7 Qh4+ 16. g3 Nxg3 17. O-O-O Nxe2+ 18. Kb1 Qc4 19. Rd2 d5 20. Re1
Rc7 21. Qxc7 Nc3+ 22. bxc3 Qxc7 23. Kb2 Rc8 24. Re3 a5 25. Nd4 Qc5 26. Red3 a4
27. f4 a3+ 28. Kc1 Qc4 29. Kb1 b5 30. h3 b4 31. cxb4 Qxb4+ 32. Nb3 Qxf4 33. Nd4
Rb8+ 34. Nb3 h6 35. c3 Qc4 36. Kc2 Qe4 37. Kd1 Rxb3 38. axb3 a2 0-1

[Event "Championnat de France Junior Fille"]
[Site "CALVI"]
[Date "????.??.??"]
[Round "8.3"]
[White "Penalver, Marion"]
[Black "Swiercz, Sandra"]
[Result "0-1"]
[WhiteElo "1902"]
[BlackElo "1948"]
[PlyCount "74"]
[EventDate "2005.??.??"]
[SourceDate "2005.04.17"]

1. e4 c5 2. Nf3 e6 3. b3 Nc6 4. Bb2 d6 5. e5 d5 6. Bb5 Nge7 7. O-O a6 8. Bxc6+
Nxc6 9. Re1 Bd7 10. d4 cxd4 11. Nxd4 Bc5 12. Qg4 Rg8 13. c3 Qc7 14. Qh5 h6 15.
Nd2 g6 16. Qe2 O-O-O 17. Rac1 Kb8 18. b4 Be7 19. a4 Nxd4 20. cxd4 Qb6 21. b5
axb5 22. axb5 Qxb5 23. Qxb5 Bxb5 24. Nb3 Rc8 25. Bc3 Bg5 26. Bd2 Rxc1 27. Rxc1
Bxd2 28. Nxd2 Rc8 29. Rxc8+ Kxc8 30. Nb3 Kc7 31. f4 Bc4 32. Nc1 Kb6 33. Kf2 Kb5
34. Ke3 Kb4 35. Kd2 Ka3 36. Kc2 b5 37. Kb1 b4 0-1

[Event "Championnat de France Junior Fille"]
[Site "CALVI"]
[Date "????.??.??"]
[Round "8.4"]
[White "Marchais, Aurélie"]
[Black "Roos, Eliane"]
[Result "0-1"]
[WhiteElo "1822"]
[BlackElo "1950"]
[PlyCount "54"]
[EventDate "2005.??.??"]
[SourceDate "2005.04.17"]

1. e4 e6 2. d4 d5 3. Nc3 Bb4 4. e5 c5 5. Bd2 cxd4 6. Nb5 Nc6 7. Bxb4 Nxb4 8.
Nd6+ Kf8 9. a3 Nc6 10. f4 f6 11. Bb5 fxe5 12. fxe5 Nxe5 13. Qh5 Ng6 14. Nxc8
Rxc8 15. O-O-O Nf6 16. Qf3 Qc7 17. Qf2 e5 18. Nh3 Ke7 19. Rhe1 Ne4 20. Qe2 Qc5
21. Bd3 Nc3 22. Qg4 Nxd1 23. Bxg6 Ne3 24. Qh4+ Kd6 25. Ng5 hxg6 26. Nf7+ Kc7
27. Qf2 Rhf8 0-1

[Event "Championnat de France Junior Fille"]
[Site "CALVI"]
[Date "????.??.??"]
[Round "8.5"]
[White "Benmesbah, Sarah"]
[Black "Ficet, Aline"]
[Result "1/2-1/2"]
[WhiteElo "1800"]
[BlackElo "1730"]
[PlyCount "38"]
[EventDate "2005.??.??"]
[SourceDate "2005.04.17"]

1. e4 c6 2. Nc3 d5 3. exd5 cxd5 4. d4 Nc6 5. Bb5 Nf6 6. Bf4 Bg4 7. Nf3 e6 8.
O-O Bd6 9. Be5 O-O 10. Re1 Bc7 11. h3 Bh5 12. Bxc6 bxc6 13. Qd3 Nd7 14. g4 Bg6
15. Qa6 Nb6 16. h4 h5 17. g5 Qc8 18. Qxc8 Rfxc8 19. Rac1 Nd7 1/2-1/2

[Event "Championnat de France Cadette"]
[Site "CALVI"]
[Date "2005.??.??"]
[Round "1"]
[White "Tissot, A."]
[Black "Cochet, C."]
[Result "0-1"]
[WhiteElo "1859"]
[BlackElo "2086"]
[PlyCount "55"]
[EventDate "2005.??.??"]
[SourceDate "2005.04.17"]

1. e4 c5 2. Nf3 Nc6 3. c3 Nf6 4. e5 Nd5 5. d4 cxd4 6. cxd4 d6 7. Bc4 e6 8. Bxd5
exd5 9. Nc3 dxe5 10. dxe5 d4 11. Ne2 Bb4+ 12. Bd2 Bc5 13. O-O O-O 14. h3 Re8
15. Bf4 Bf5 16. Ng3 Bg6 17. a3 Qd5 18. Re1 Bb6 19. Ne2 Bh5 20. Nc3 Qd7 21. Ne4
Bxf3 22. Qxf3 Nxe5 23. Bxe5 Rxe5 24. Qg3 Re6 25. Qg4 Qd5 26. Ng3 Rae8 27. Red1
d3 28. Nf5 0-1

[Event "Championnat de France Cadette"]
[Site "CALVI"]
[Date "2005.??.??"]
[Round "1"]
[White "Choisy, M."]
[Black "Desanlis, A."]
[Result "1-0"]
[WhiteElo "2079"]
[BlackElo "1854"]
[PlyCount "114"]
[EventDate "2005.??.??"]
[SourceDate "2005.04.17"]

1. e4 c5 2. Nc3 d6 3. Nf3 Nf6 4. d4 cxd4 5. Nxd4 g6 6. Be3 Bg7 7. f3 Nc6 8. Qd2
Bd7 9. h4 Ne5 10. O-O-O O-O 11. Bh6 Qa5 12. h5 Bxh6 13. Qxh6 Nxh5 14. Be2 Nf6
15. Nd5 Rfd8 16. Nxf6+ exf6 17. Qxh7+ Kf8 18. f4 Qxa2 19. fxe5 Qa1+ 20. Kd2
Qa5+ 21. c3 Qxe5 22. Qh2 Ke7 23. Qxe5+ dxe5 24. Nb5 Bc6+ 25. Ke3 Rdc8 26. Rh7
a6 27. Nd6 Rf8 28. Nc4 Rh8 29. Rxh8 Rxh8 30. Na5 Rc8 31. Bg4 f5 32. Nxc6+ Rxc6
33. exf5 Rb6 34. Rd2 Kf6 35. fxg6 Kxg6 36. Rf2 Kg5 37. Bc8 f6 38. g4 a5 39. Kd3
Rd6+ 40. Kc2 b5 41. Rd2 Rc6 42. Bd7 Rc5 43. b3 e4 44. Rf2 a4 45. bxa4 bxa4 46.
Bxa4 Kxg4 47. Rxf6 e3 48. Bc6 Kg5 49. Re6 Kf5 50. Rxe3 Rxc6 51. Kd3 Re6 52.
Rxe6 Kxe6 53. Kc4 Kd6 54. Kb5 Kc7 55. Kc5 Kc8 56. Kc6 Kb8 57. c4 Kc8 1-0

[Event "Championnat de France Cadette"]
[Site "CALVI"]
[Date "2005.??.??"]
[Round "1"]
[White "Bacon, J."]
[Black "Aggoune, L."]
[Result "0-1"]
[WhiteElo "1680"]
[BlackElo "2060"]
[PlyCount "64"]
[EventDate "2005.??.??"]
[SourceDate "2005.04.17"]

1. e4 c5 2. Nf3 e6 3. d4 cxd4 4. Nxd4 a6 5. Nc3 Qc7 6. Bd3 Nf6 7. O-O Nc6 8.
Nb3 Be7 9. Kh1 O-O 10. f4 d6 11. Qe1 b5 12. Qg3 Rd8 13. Bd2 Bb7 14. Rae1 Bf8
15. Nd1 d5 16. e5 Ne4 17. Qh3 h6 18. Bxe4 dxe4 19. Nf2 a5 20. Qe3 a4 21. Nc1
Ne7 22. Qc3 Qxc3 23. Bxc3 Nd5 24. Nxe4 Nxc3 25. Nxc3 b4 26. Ne4 Rac8 27. c3
bxc3 28. bxc3 Rc4 29. Ng3 Rxc3 30. Rf2 Ba3 31. Nce2 Rc2 32. Rff1 Rdd2 0-1

[Event "Championnat de France Cadette"]
[Site "CALVI"]
[Date "2005.??.??"]
[Round "1"]
[White "Bolon, K."]
[Black "Swiercz, S."]
[Result "1-0"]
[WhiteElo "2042"]
[BlackElo "1590"]
[PlyCount "85"]
[EventDate "2005.??.??"]
[SourceDate "2005.04.17"]

1. e4 c5 2. Nc3 Nc6 3. f4 e6 4. Bc4 g6 5. Nf3 Bg7 6. d3 Nge7 7. O-O a6 8. a4 d5
9. Ba2 O-O 10. Qe1 Nd4 11. Nxd4 Bxd4+ 12. Kh1 Qc7 13. f5 Bxc3 14. bxc3 exf5 15.
exd5 Qd8 16. Bh6 Nxd5 17. Qe5 Nf6 18. Bxf8 Kxf8 19. Qxc5+ Kg8 20. Rae1 Bd7 21.
Re7 Be8 22. Rfe1 Kg7 23. Qe5 Qb6 24. Rb1 Qf2 25. Qe2 Qc5 26. Rbxb7 Qxc3 27. Qe5
Qxc2 28. Bc4 Qc1+ 29. Qe1 Qg5 30. Bxf7 Bxf7 31. Rxf7+ Kh6 32. Qa1 Rc8 33. Rbc7
Re8 34. Qc1 f4 35. Qd2 Qg4 36. Rce7 Rxe7 37. Rxe7 Nd5 38. Qe2 Qc8 39. Re8 Qc1+
40. Qe1 Qc2 41. Rd8 Qa2 42. Qh4+ Kg7 43. Rd7+ 1-0

[Event "Championnat de France Cadette"]
[Site "CALVI"]
[Date "2005.??.??"]
[Round "1"]
[White "Labatut, T."]
[Black "Marchadour, E."]
[Result "0-1"]
[WhiteElo "1580"]
[BlackElo "2018"]
[PlyCount "80"]
[EventDate "2005.??.??"]
[SourceDate "2005.04.17"]

1. e4 c5 2. c3 g6 3. d4 cxd4 4. cxd4 d5 5. exd5 Nf6 6. Nf3 Nxd5 7. Bb5+ Bd7 8.
Bxd7+ Nxd7 9. Qb3 N7b6 10. Ne5 Bg7 11. Qb5+ Kf8 12. O-O Qd6 13. Re1 Nb4 14. Qe2
Rc8 15. Na3 N6d5 16. Bd2 a6 17. Nac4 Qd8 18. Bxb4 Nxb4 19. a3 Nc6 20. Qf3 Nxe5
21. Nxe5 Bxe5 22. dxe5 Qb6 23. b4 Kg7 24. Rad1 Rc7 25. Qb3 Rhc8 26. Qd5 Rc2 27.
Rd2 Rxd2 28. Qxd2 Qe6 29. Qb2 Kf8 30. h3 Qc4 31. Re3 Rd8 32. e6 f6 33. Qc3 Rd1+
34. Kh2 Qf4+ 35. Rg3 Qxf2 36. Qc8+ Kg7 37. Rf3 Qg1+ 38. Kg3 Qe1+ 39. Kh2 Qe5+
40. g3 Rd3 0-1

[Event "Championnat de France Cadette"]
[Site "CALVI"]
[Date "2005.??.??"]
[Round "1"]
[White "Maupin, V."]
[Black "Boulfaf, A."]
[Result "1-0"]
[WhiteElo "2012"]
[BlackElo "1540"]
[PlyCount "57"]
[EventDate "2005.??.??"]
[SourceDate "2005.04.17"]

1. d4 d5 2. c4 e6 3. Nc3 c5 4. Nf3 Nf6 5. Bg5 Be7 6. e3 b6 7. Be2 Bb7 8. O-O
Nc6 9. dxc5 bxc5 10. cxd5 exd5 11. Bxf6 Bxf6 12. Qxd5 Qxd5 13. Nxd5 Bd8 14.
Rfd1 O-O 15. Rac1 Ne7 16. Nxe7+ Bxe7 17. Rd7 Bxf3 18. Bxf3 Rae8 19. Rxa7 Bd6
20. g3 Re6 21. a4 Rc8 22. Bg4 Ree8 23. Bxc8 Rxc8 24. b3 h6 25. Rb7 g6 26. Rd1
Be5 27. f4 Bf6 28. Rdd7 Rf8 29. Rdc7 1-0

[Event "Championnat de France Cadette"]
[Site "CALVI"]
[Date "2005.??.??"]
[Round "1"]
[White "Michel, I."]
[Black "Bermond, S."]
[Result "0-1"]
[WhiteElo "1530"]
[BlackElo "2006"]
[PlyCount "48"]
[EventDate "2005.??.??"]
[SourceDate "2005.04.17"]

1. e4 d5 2. exd5 Nf6 3. c4 e6 4. Qe2 Bc5 5. Nc3 O-O 6. Qf3 exd5 7. Nxd5 Nxd5 8.
cxd5 Re8+ 9. Kd1 Qh4 10. g3 Qd4 11. Bh3 Nd7 12. Ne2 Qxf2 13. Qxf2 Bxf2 14. d4
Nf6 15. Bg2 Bg4 16. Bf1 Bf3 17. Bg5 Nxd5 18. Kd2 Bxh1 19. Kd3 Be4+ 20. Kc4 Ne3+
21. Bxe3 Bxe3 22. d5 c6 23. Nc3 cxd5+ 24. Nxd5 Rac8+ 0-1

[Event "Championnat de France Cadette"]
[Site "CALVI"]
[Date "2005.??.??"]
[Round "1"]
[White "Rasse, C."]
[Black "Huisman, C."]
[Result "1-0"]
[WhiteElo "1995"]
[BlackElo "1520"]
[PlyCount "87"]
[EventDate "2005.??.??"]
[SourceDate "2005.04.17"]

1. e4 e5 2. Nf3 Nc6 3. Bc4 Bc5 4. d3 Nf6 5. Nc3 d6 6. Be3 Bg4 7. h3 Bh5 8. g4
Bg6 9. Bxc5 dxc5 10. Bb5 Qd6 11. Bxc6+ bxc6 12. Qd2 c4 13. g5 Nd7 14. d4 exd4
15. Qxd4 Qxd4 16. Nxd4 Nc5 17. O-O-O O-O 18. f3 Bh5 19. Rdf1 Rfe8 20. Nxc6 a5
21. Nb5 Ne6 22. h4 Ra6 23. Ne5 Nxg5 24. hxg5 Rxe5 25. Nxc7 Ra7 26. Rxh5 Rxc7
27. Rfh1 g6 28. Rxh7 Rxg5 29. Rh8+ Kg7 30. f4 Kf6 31. fxg5+ Kxg5 32. Ra8 Rc5
33. Rf1 f6 34. Rd8 Rc6 35. Rd5+ Kh4 36. Rxa5 Re6 37. Re1 g5 38. Rc5 g4 39. Rxc4
g3 40. Rc8 f5 41. Rh1+ Kg4 42. Rg8+ Kf3 43. exf5 Re2 44. Rg1 1-0

[Event "Championnat de France Cadette"]
[Site "CALVI"]
[Date "2005.??.??"]
[Round "1"]
[White "Belhachemi, A."]
[Black "Hamsany, M."]
[Result "0-1"]
[WhiteElo "1450"]
[BlackElo "1940"]
[PlyCount "64"]
[EventDate "2005.??.??"]
[SourceDate "2005.04.17"]

1. e4 e5 2. Nf3 Nc6 3. d4 Nxd4 4. Nxd4 exd4 5. Bc4 d6 6. Qxd4 Qf6 7. Be3 Be6 8.
Bxe6 fxe6 9. Qa4+ c6 10. Nc3 a6 11. O-O-O Be7 12. f4 Qf7 13. Rhf1 Nf6 14. h3
O-O 15. g4 b5 16. Qd4 c5 17. Qd2 b4 18. Ne2 Nxe4 19. Qd3 d5 20. Bf2 a5 21. Bg3
c4 22. Qf3 c3 23. b3 a4 24. bxa4 Rxa4 25. Kb1 Rfa8 26. Nc1 Bf6 27. Qd3 Rxa2 28.
Nxa2 Rxa2 29. Qe3 Qe8 30. Qb6 Nxg3 31. Rfe1 Rb2+ 32. Ka1 Qa8+ 0-1

[Event "Championnat de France Cadette"]
[Site "CALVI"]
[Date "2005.??.??"]
[Round "1"]
[White "Cloarec, A."]
[Black "Lemiere, L."]
[Result "1-0"]
[WhiteElo "1902"]
[BlackElo "1420"]
[PlyCount "49"]
[EventDate "2005.??.??"]
[SourceDate "2005.04.17"]

1. e4 c5 2. Nc3 Nc6 3. d3 a6 4. g3 g6 5. Bg2 d6 6. f4 Nf6 7. Nf3 Qc7 8. O-O Bg7
9. Bd2 Be6 10. Rb1 O-O 11. Qc1 Rab8 12. Nh4 Bh6 13. f5 Bg7 14. fxe6 fxe6 15.
Bh6 Bxh6 16. Qxh6 Rf7 17. Bh3 Nd4 18. Nf3 e5 19. Nxd4 cxd4 20. Nd5 Qxc2 21. Be6
Nxd5 22. Bxf7+ Kh8 23. Bxd5 Qxd3 24. Rf8+ Rxf8 25. Qxf8# 1-0

[Event "Championnat de France Cadet"]
[Site "CALVI"]
[Date "2005.??.??"]
[Round "1"]
[White "Sim, S."]
[Black "Netzer, J."]
[Result "0-1"]
[WhiteElo "1980"]
[BlackElo "2384"]
[PlyCount "64"]
[EventDate "2005.??.??"]
[SourceDate "2005.04.17"]

1. d4 f5 2. e3 Nf6 3. Bd3 d6 4. Nf3 Nc6 5. O-O e5 6. dxe5 Nxe5 7. Nxe5 dxe5 8.
Bb5+ c6 9. Qxd8+ Kxd8 10. Rd1+ Kc7 11. Bc4 b5 12. Bb3 Bc5 13. Bd2 a5 14. a3 Bb7
15. Nc3 Rhe8 16. Ne2 Ne4 17. Be1 g6 18. Ng3 Nd6 19. Nf1 Re7 20. Nd2 a4 21. Ba2
f4 22. exf4 exf4 23. Nf3 Rae8 24. Bb4 Bxb4 25. axb4 Nf5 26. Re1 c5 27. Rxe7+
Rxe7 28. Ng5 cxb4 29. Ne6+ Kb6 30. Kf1 b3 31. cxb3 Rxe6 32. bxa4 Rd6 0-1

[Event "Championnat de France Cadet"]
[Site "CALVI"]
[Date "2005.??.??"]
[Round "1"]
[White "Delorme, A."]
[Black "Costa, P."]
[Result "1-0"]
[WhiteElo "2263"]
[BlackElo "1974"]
[PlyCount "65"]
[EventDate "2005.??.??"]
[SourceDate "2005.04.17"]

1. e4 e6 2. d4 d5 3. Nc3 Bb4 4. e5 c5 5. a3 Ba5 6. b4 cxd4 7. Nb5 Bc7 8. f4 a5
9. Bd2 Nc6 10. Nf3 Nh6 11. Nxc7+ Qxc7 12. b5 Nb8 13. Nxd4 O-O 14. Bd3 Nd7 15.
O-O Nc5 16. Rc1 Nf5 17. Bxf5 exf5 18. c4 Nd3 19. Bxa5 Qxa5 20. Qxd3 dxc4 21.
Rxc4 Rd8 22. Qc2 Qb6 23. Kh1 Rxd4 24. Rxc8+ Rxc8 25. Qxc8+ Rd8 26. Qc4 h6 27.
h3 Rd4 28. Qb3 Qc5 29. Kh2 Re4 30. Qd3 Re3 31. Qxf5 Qxb5 32. Rc1 Rxh3+ 33. Qxh3
1-0

[Event "Championnat de France Cadet"]
[Site "CALVI"]
[Date "2005.??.??"]
[Round "1"]
[White "Remille, T."]
[Black "Pile, R."]
[Result "0-1"]
[WhiteElo "1974"]
[BlackElo "2259"]
[PlyCount "58"]
[EventDate "2005.??.??"]
[SourceDate "2005.04.17"]

1. e4 c5 2. Nf3 Nc6 3. Bb5 e6 4. b3 Nge7 5. Bb2 a6 6. Be2 d5 7. O-O d4 8. a4 g6
9. Na3 Rb8 10. Ne1 Bg7 11. Nd3 b6 12. f4 f6 13. Qe1 O-O 14. Qg3 Qc7 15. h4 Bd7
16. Nf2 Ra8 17. Rae1 Kh8 18. Qh2 e5 19. h5 f5 20. hxg6 Nxg6 21. Nh3 Nxf4 22.
Rxf4 exf4 23. Ng5 h6 24. Bh5 Ne5 25. c3 Ng4 26. Bxg4 fxg4 27. cxd4 Qd8 28. d5
Qxg5 29. e5 f3 0-1

[Event "Championnat de France Cadet"]
[Site "CALVI"]
[Date "2005.??.??"]
[Round "1"]
[White "Soyez, C."]
[Black "Tassetti, M."]
[Result "1-0"]
[WhiteElo "2189"]
[BlackElo "1974"]
[PlyCount "55"]
[EventDate "2005.??.??"]
[SourceDate "2005.04.17"]

1. c4 Nf6 2. g3 g6 3. Bg2 Bg7 4. Nc3 O-O 5. e4 d6 6. d3 c6 7. f4 Nbd7 8. Nf3 e5
9. O-O Ng4 10. Qe2 Nh6 11. f5 a5 12. h3 f6 13. g4 gxf5 14. gxf5 Nf7 15. Kh2 Nb6
16. Rg1 d5 17. Bf1 Kh8 18. Nh4 Qe8 19. Ng6+ Kg8 20. Nxf8 Qxf8 21. cxd5 cxd5 22.
exd5 Kh8 23. Be3 Nd7 24. Qh5 Nd6 25. Be2 Qf7 26. Qxf7 Nxf7 27. Nb5 b6 28. Bh5
1-0

[Event "Championnat de France Cadet"]
[Site "CALVI"]
[Date "2005.??.??"]
[Round "1"]
[White "Lengert, M."]
[Black "Chau, O."]
[Result "0-1"]
[WhiteElo "1956"]
[BlackElo "2186"]
[PlyCount "62"]
[EventDate "2005.??.??"]
[SourceDate "2005.04.17"]

1. d4 Nf6 2. c4 e6 3. Nc3 d5 4. Nf3 Be7 5. Bf4 O-O 6. e3 c6 7. cxd5 exd5 8. Be2
Nbd7 9. O-O Re8 10. Qc2 Nf8 11. h3 Ng6 12. Bg3 Bd6 13. Bxd6 Qxd6 14. Rfe1 Ne4
15. Nxe4 dxe4 16. Nd2 Bf5 17. Qb3 Nh4 18. Bf1 Qg6 19. Kh1 Re7 20. Rac1 Be6 21.
Qa3 Rd7 22. Qa4 Bd5 23. a3 h5 24. Qd1 b5 25. Nb3 Qf5 26. Kg1 Rd6 27. Qc2 Rg6
28. Kh1 Bxb3 29. Qxb3 Qxf2 30. Re2 Qg3 31. Qc2 Nf3 0-1

[Event "Championnat de France Cadet"]
[Site "CALVI"]
[Date "2005.??.??"]
[Round "1"]
[White "Platel, A."]
[Black "Varoquier, R."]
[Result "1-0"]
[WhiteElo "2149"]
[BlackElo "1942"]
[PlyCount "85"]
[EventDate "2005.??.??"]
[SourceDate "2005.04.17"]

1. e4 e5 2. Nf3 Nc6 3. d4 exd4 4. Nxd4 Qh4 5. Nb5 Bc5 6. Qe2 Nf6 7. Be3 Bxe3 8.
Qxe3 Kd8 9. N1c3 Re8 10. g3 Qh6 11. Qxh6 gxh6 12. O-O-O Ng4 13. Rd2 a6 14. h3
Nf6 15. Nd4 Nxe4 16. Nxe4 Rxe4 17. Nxc6+ bxc6 18. Bd3 Re7 19. Bxh7 d5 20. Bd3
c5 21. Re2 Rxe2 22. Bxe2 c6 23. Re1 Ra7 24. Bg4 f5 25. Bh5 Re7 26. Rxe7 Kxe7
27. Kd2 Kd6 28. Ke3 Be6 29. Kf4 d4 30. Be2 c4 31. b3 d3 32. Bd1 dxc2 33. Bxc2
cxb3 34. Bxb3 c5 35. Bxe6 Kxe6 36. g4 c4 37. Ke3 fxg4 38. hxg4 c3 39. f4 Kd5
40. Kd3 c2 41. Kxc2 Ke4 42. f5 h5 43. gxh5 1-0

[Event "Championnat de France Cadet"]
[Site "CALVI"]
[Date "2005.??.??"]
[Round "1"]
[White "Ballester, J."]
[Black "Fischer, M."]
[Result "0-1"]
[WhiteElo "1941"]
[BlackElo "2129"]
[PlyCount "60"]
[EventDate "2005.??.??"]
[SourceDate "2005.04.17"]

1. e4 e6 2. d4 d5 3. Nd2 Nf6 4. e5 Nfd7 5. Bd3 c5 6. c3 Nc6 7. Ne2 Qb6 8. Nf3
cxd4 9. cxd4 f6 10. exf6 Nxf6 11. a3 Bd6 12. O-O O-O 13. b4 Bd7 14. Re1 e5 15.
dxe5 Nxe5 16. Nxe5 Bxe5 17. Be3 Qd8 18. Nd4 Ng4 19. h3 Nxe3 20. Rxe3 Bxd4 21.
Bxh7+ Kxh7 22. Qxd4 Qf6 23. Qd3+ Bf5 24. Qd1 Bg6 25. Rf3 Qb2 26. Rc1 Rxf3 27.
gxf3 d4 28. Rc7 d3 29. f4 Rf8 30. Qg4 d2 0-1

[Event "Championnat de France Cadet"]
[Site "CALVI"]
[Date "2005.??.??"]
[Round "1"]
[White "Garro, P."]
[Black "Csomos, R."]
[Result "1/2-1/2"]
[WhiteElo "2124"]
[BlackElo "1940"]
[PlyCount "127"]
[EventDate "2005.??.??"]
[SourceDate "2005.04.17"]

1. e4 e6 2. d4 d5 3. Nd2 Nf6 4. e5 Nfd7 5. Bd3 c5 6. c3 Nc6 7. Ne2 Qb6 8. Nf3
cxd4 9. cxd4 Be7 10. O-O Nf8 11. Nf4 Ng6 12. h4 Nxf4 13. Bxf4 h6 14. h5 Bd7 15.
Be3 Nb4 16. Bb1 Bb5 17. Re1 Rc8 18. a4 Ba6 19. Nh2 Nc6 20. Qg4 Bf8 21. Ba2 Nb4
22. a5 Qd8 23. Bb3 Bb5 24. Rec1 Rxc1+ 25. Bxc1 Nd3 26. Bd2 a6 27. Rb1 Qe7 28.
f4 Nb4 29. Nf3 Be2 30. Re1 Bxf3 31. gxf3 Nc6 32. f5 exf5 33. Qxf5 Qe6 34. Qxe6+
fxe6 35. Ba4 Kd8 36. Bc3 Be7 37. Re2 Rf8 38. Rg2 Bg5 39. Kf2 Rf4 40. Bd2 Rxd4
41. Bxg5+ hxg5 42. Rxg5 Rxa4 43. Rxg7 Nxe5 44. h6 Rh4 45. h7 Ng6 46. Rxg6 Rxh7
47. Rxe6 Rh2+ 48. Ke3 Rxb2 49. Rd6+ Ke7 50. Rxd5 b6 51. axb6 Rxb6 52. f4 Kf6
53. Rh5 Kg6 54. Rg5+ Kf6 55. Ra5 Rb3+ 56. Ke4 Rb4+ 57. Kf3 Rb6 58. Kg4 Rc6 59.
Rf5+ Kg6 60. Rg5+ Kf6 61. Rh5 Kg7 62. f5 Rh6 63. Rg5+ Kf7 64. Kf4 1/2-1/2

[Event "Championnat de France Cadet"]
[Site "CALVI"]
[Date "2005.??.??"]
[Round "1"]
[White "Lemaire, M."]
[Black "Le Goff, D."]
[Result "0-1"]
[WhiteElo "1940"]
[BlackElo "2122"]
[PlyCount "60"]
[EventDate "2005.??.??"]
[SourceDate "2005.04.17"]

1. e4 c5 2. c3 Nf6 3. e5 Nd5 4. d4 cxd4 5. cxd4 e6 6. Nc3 Nxc3 7. bxc3 d6 8.
exd6 Bxd6 9. Nf3 Nd7 10. Bd3 Nf6 11. O-O Qa5 12. Bg5 O-O 13. Qc2 Bd7 14. Bxf6
gxf6 15. Bxh7+ Kg7 16. Be4 Qh5 17. Rfd1 Rh8 18. Ne1 Qxh2+ 19. Kf1 Bb5+ 20. Nd3
Rac8 21. Rab1 Bc6 22. Bxc6 Rxc6 23. Ne1 Rhc8 24. Rxb7 Rxc3 25. Qb1 Ba3 26. Qb5
Rc2 27. Nxc2 Rxc2 28. Ke1 Bb4+ 29. Rd2 Qg1+ 30. Ke2 Rxd2+ 0-1

[Event "Championnat de France Cadet"]
[Site "CALVI"]
[Date "2005.??.??"]
[Round "1"]
[White "Pieroni, G."]
[Black "Mania, C."]
[Result "1-0"]
[WhiteElo "2109"]
[BlackElo "1940"]
[PlyCount "47"]
[EventDate "2005.??.??"]
[SourceDate "2005.04.17"]

1. e4 e6 2. d4 d5 3. Nc3 Nf6 4. Bg5 Be7 5. e5 Ne4 6. Nxe4 Bxg5 7. Nxg5 Qxg5 8.
Nh3 Qd8 9. Bd3 c5 10. O-O Bd7 11. Nf4 g6 12. Qg4 Qb6 13. dxc5 Qxc5 14. Rfe1 Nc6
15. Qh4 Ne7 16. Nh3 Bb5 17. Qf6 Rf8 18. Ng5 h6 19. Nh7 Rg8 20. Qf4 O-O-O 21.
Bxb5 Qxb5 22. Qxf7 Nc6 23. Nf6 Rgf8 24. Qxe6+ 1-0

[Event "Championnat de France Cadet"]
[Site "CALVI"]
[Date "????.??.??"]
[Round "2.1"]
[White "Netzer, Jean"]
[Black "Habbouche, Julien"]
[Result "1-0"]
[WhiteElo "2384"]
[BlackElo "2018"]
[PlyCount "73"]
[EventDate "2005.??.??"]
[SourceDate "2005.04.17"]

1. e4 e6 2. d4 d5 3. Nd2 h6 4. Ngf3 Nf6 5. Bd3 dxe4 6. Nxe4 Nxe4 7. Bxe4 Nd7 8.
Qe2 Nf6 9. Bxb7 Bxb7 10. Qb5+ Nd7 11. Qxb7 Bd6 12. O-O O-O 13. b3 Qf6 14. Bb2
Qf4 15. Qb5 Nf6 16. Qe2 Ng4 17. g3 Qf5 18. c4 c6 19. Kg2 g5 20. Rad1 Rae8 21.
h3 Nf6 22. Ne5 Rc8 23. Ng4 Nxg4 24. hxg4 Qg6 25. Qd3 Qxd3 26. Rxd3 Rce8 27. Re1
f6 28. Rde3 Kf7 29. Re4 Re7 30. f4 f5 31. gxf5 exf5 32. Rxe7+ Bxe7 33. Re5 Ke8
34. fxg5 hxg5 35. g4 fxg4 36. Rxe7+ Kxe7 37. Ba3+ 1-0

[Event "Championnat de France Cadet"]
[Site "CALVI"]
[Date "????.??.??"]
[Round "2.2"]
[White "Prodhomme, Boris"]
[Black "Delorme, Alban"]
[Result "0-1"]
[WhiteElo "2014"]
[BlackElo "2263"]
[PlyCount "104"]
[EventDate "2005.??.??"]
[SourceDate "2005.04.17"]

1. d4 Nf6 2. c4 e6 3. Nc3 d5 4. Nf3 Be7 5. Bf4 O-O 6. e3 b6 7. cxd5 exd5 8. Bd3
Bb7 9. O-O c5 10. Ne5 Re8 11. Qf3 Nc6 12. Rac1 Bd6 13. Nxc6 Bxc6 14. Bg5 Be7
15. Rfd1 Qd7 16. Bf5 Qb7 17. Qh3 g6 18. Bb1 h5 19. Ne2 c4 20. Nf4 Ne4 21. Bxe7
Qxe7 22. Qf3 b5 23. Nd3 Bd7 24. Ne5 Bf5 25. Qe2 Kg7 26. Nf3 b4 27. Nd2 Nd6 28.
Bxf5 Nxf5 29. b3 c3 30. Nf3 a5 31. a3 Rec8 32. a4 Nd6 33. Ne5 f6 34. Nd3 Ne4
35. Nf4 Qd7 36. Qc2 Qf5 37. f3 Nd2 38. Qxf5 gxf5 39. Ne6+ Kf7 40. Nc5 Rxc5 41.
dxc5 Nxb3 42. Rc2 Ke6 43. Rf1 Nxc5 44. Ra1 f4 45. Re2 b3 46. exf4+ Kf5 47. Rd1
Rd8 48. h3 d4 49. g4+ Kxf4 50. Kg2 d3 51. Re7 d2 52. Rc7 c2 0-1

[Event "Championnat de France Cadet"]
[Site "CALVI"]
[Date "????.??.??"]
[Round "2.3"]
[White "Pile, Richard"]
[Black "Serel, Alexis"]
[Result "1-0"]
[WhiteElo "2259"]
[BlackElo "2005"]
[PlyCount "43"]
[EventDate "2005.??.??"]
[SourceDate "2005.04.17"]

1. e4 e5 2. Nf3 Nc6 3. Bb5 a6 4. Ba4 Nf6 5. d4 Nxe4 6. O-O b5 7. Bb3 d5 8. dxe5
Be6 9. Nc3 Nxc3 10. bxc3 Na5 11. a4 Nc4 12. Bg5 Qc8 13. Nd4 Nxe5 14. axb5 axb5
15. Rxa8 Qxa8 16. Qe2 Ng6 17. Nxe6 fxe6 18. Qxe6+ Be7 19. Bxd5 Qd8 20. Qf7+ Kd7
21. Rd1 Rf8 22. Bb7# 1-0

[Event "Championnat de France Cadet"]
[Site "CALVI"]
[Date "????.??.??"]
[Round "2.4"]
[White "Miqueu, Jean-Philippe"]
[Black "Soyez, Cyril"]
[Result "1/2-1/2"]
[WhiteElo "2012"]
[BlackElo "2189"]
[PlyCount "102"]
[EventDate "2005.??.??"]
[SourceDate "2005.04.17"]

1. e4 c5 2. c4 Nc6 3. Nc3 g6 4. g3 Bg7 5. Bg2 d6 6. Nge2 e5 7. d3 f5 8. Nd5 Nf6
9. O-O O-O 10. Bg5 h6 11. Nxf6+ Bxf6 12. Bxh6 Re8 13. Be3 g5 14. exf5 Bxf5 15.
Nc3 Nb4 16. Be4 Qd7 17. a3 Nc6 18. Nd5 Bd8 19. Qh5 Bxe4 20. dxe4 Qf7 21. Qxf7+
Kxf7 22. b4 cxb4 23. axb4 Ne7 24. Rxa7 Rxa7 25. Bxa7 Nxd5 26. exd5 b6 27. Ra1
Bc7 28. Ra6 Ra8 29. b5 Ke7 30. f3 Kd7 31. Kg2 Kc8 32. Kh3 Kb7 33. Kg4 Rg8 34.
h3 Bd8 35. Kf5 Rf8+ 36. Kg4 Re8 37. Ra4 Rh8 38. Ra6 Rf8 39. Ra4 Re8 40. Kf5 e4
41. fxe4 Re5+ 42. Kg4 Rxe4+ 43. Kf3 Re1 44. Kg4 Re3 45. h4 gxh4 46. gxh4 Re4+
47. Kf5 Rxh4 48. Ke6 Bc7 49. Kd7 Rh7+ 50. Ke6 Rh8 51. Ra6 Rh7 1/2-1/2